000 01149nam a2200193 a 4500
001 000048472
005 20201002061158.0
008 190322s2015 dr a 000 0 spa d
020 _a9789945472561
040 _aDO-SdBNP
_bspa
_cBNPHU
082 _axxxx
_bS276c
100 1 _aSbriz Zeitun, Giuseppe
_975883
245 1 0 _aCircuitos I :
_bprácticas de laboratorio /
_cGiuseppe Sbriz Zeitun.
260 _aSanto Domingo :
_bInstituto Tecnológico de Santo Domingo,
_c2015.
300 _aix, 79 p. :
_bil. ;
_c27 cm.
504 _aBibliografía : p. 79
505 0 _aIntroducción --
_tIntroducción al laboratorio de circuitos I: seguridad en laboratorio, instrumentos y equipos --
_tResistores. Conexiones serie, en paralelo y mixtas --
_tCircuito eléctrico. Interruptores. Uso de reóstatos y potenciómetros divisor de voltaje --
_tLey de Ohm. Leyes de Kirchhoff (de voltaje y corriente) circuito abierto y cortocircuito --
_tPolaridad en circuitos. Resistivos. Fuentes de voltaje en serie --
_tCálculos de redes. Teoremas de superposición Thévenin y Norton --
_tCorriente alterna. Polaridad en corriente alterna --
590 _aInventariado, 2019/LP
999 _c47960
_d47960